| 000 | 00551nam a22001937a 4500 | ||
|---|---|---|---|
| 999 |
_c4898 _d4898 |
||
| 003 | AR-CdUCM | ||
| 008 | 190311b ||||| |||| 00| 0 spa d | ||
| 040 |
_aMUNICIPALIDAD PROVINCIAL DEL CUSCO _cBIBLIOTECA MUNICIPAL DEL CUSCO |
||
| 082 |
_a869.56 / _bB88 |
||
| 100 |
_aBueno, Leoncio _910270 |
||
| 245 | _aRebuzno propio / | ||
| 260 |
_aLima : _bSanta Isabel, _c1976. |
||
| 300 |
_a85 páginas ; _c21 cm. |
||
| 500 | _aDonación familia Nieto | ||
| 650 |
_aPoesías peruanas _91481 |
||
| 650 |
_aSiglo XX. _98 |
||
| 942 |
_2ddc _cLIBROS |
||
| 945 | _aafb | ||